| 000 | 00355 a2200169 4500 | ||
|---|---|---|---|
| 001 | 68951 | ||
| 020 | _a9788508157969 | ||
| 040 | _cAnchieta - Itaigara | ||
| 100 | _aMachado, Ana Maria | ||
| 240 | 1 | 0 |
_aJeca, o tatu _lpor |
| 245 | 1 | 0 | _aJeca, o tatu |
| 300 | _a23 | ||
| 362 | 0 | _a2012 | |
| 440 | 1 | _aÁtica | |
| 650 | 4 | _aLiteratura infantil | |
| 942 | _cBK | ||
| 999 |
_c68951 _d68951 |
||